000 00710nam a2200193 i 4500
001 97245
003 ES-MaACL
005 20260525062930.0
007 t|
008 050708s1947 ag ||||1| spa d
100 1 _aMarañón, Gregorio,
_d1887-1960
_976311
245 1 0 _aEspañoles fuera de España
_b: influencia de Francia en la política española a través de los emigrados: el destierro de Garcilaso de la Vega: Luis Vives, su patria y su universo /
_cGregorio Marañón.
260 _aBuenos Aires :
_bEspasa-Calpe,
_c1947.
300 _a164 p. ;
_c18 cm.
490 1 _aColección austral ;
_v710
830 0 _aColección austral
_v710
_9177655
852 _aES-MaACL
_jC-4910
_bR.25674
999 _c97245
_d97245